[Event "Tyneside International 3rd"]
[Site "Newcastle"]
[Date "1995.12.20"]
[Round "7.1"]
[White "McDonald, Neil"]
[Black "Dunworth, Christopher"]
[Result "1-0"]
[WhiteElo "2425"]
[BlackElo "2345"]
[PlyCount "83"]
[EventDate "1995.12.16"]
[EventType "tourn"]
[EventRounds "9"]
[EventCountry "ENG"]

1. e4 g6 2. d4 c6 3. Nf3 Bg7 4. Nc3 d6 5. h3 Nf6 6. Be2 O-O 7. O-O Nbd7 8. a4
e5 9. dxe5 dxe5 10. Bc4 Qe7 11. b3 Nc5 12. Ba3 a5 13. Ne1 Nh5 14. Nd3 b6 15.
Qf3 Nf4 16. Nxc5 bxc5 17. Ne2 Be6 18. Bxe6 Nxe6 19. Rad1 Rfd8 20. Qc3 Qa7 21.
Kh2 Qa6 22. Nc1 Rd4 23. f3 Rad8 24. Nd3 c4 25. bxc4 Qxc4 26. Bb2 Qxc3 27. Bxc3
Rxa4 28. Ra1 Rc4 29. Bxa5 Ra8 30. c3 Bf8 31. Rfd1 Kg7 32. Kg1 h5 33. Kf1 Nf4
34. Nxe5 Rc5 35. Bc7 Rc8 36. Rd7 Rxc7 37. Rxc7 Rxe5 38. Raa7 g5 39. Rxf7+ Kg8
40. Rf6 c5 41. Ra8 Ne6 42. Re8 1-0

[Event "Tyneside International 3rd"]
[Site "Newcastle"]
[Date "1995.12.20"]
[Round "7.2"]
[White "Wall, Timothy P"]
[Black "Ansell, Simon"]
[Result "1-0"]
[WhiteElo "2250"]
[BlackElo "2300"]
[PlyCount "84"]
[EventDate "1995.12.16"]
[EventType "tourn"]
[EventRounds "9"]
[EventCountry "ENG"]

1. d4 Nf6 2. Bg5 e6 3. e4 h6 4. Bxf6 Qxf6 5. Nf3 d6 6. Nc3 Nd7 7. Qd2 a6 8.
O-O-O Qe7 9. h4 h5 10. e5 d5 11. Qf4 g6 12. Ng5 Bh6 13. Kb1 b6 14. Rh3 Bb7 15.
Ne2 c5 16. Rf3 O-O 17. Qg3 cxd4 18. Nxd4 Bg7 19. Re3 Nc5 20. Bd3 Rae8 21. c3
Bc8 22. Bc2 Qc7 23. Rde1 Ne4 24. Nxe4 dxe4 25. Rxe4 Bb7 26. R4e3 Bd5 27. Ne2
Bh6 28. Nf4 Qc4 29. Nxd5 exd5 30. Bb3 Qg4 31. Qxg4 hxg4 32. Rd3 Bf4 33. Rxd5 g3
34. f3 Rd8 35. Re4 Rxd5 36. Bxd5 Rd8 37. Bxf7+ Kxf7 38. Rxf4+ Ke6 39. Rf6+ Kxe5
40. Rxg6 Kf4 41. Rg4+ Ke3 42. Rxg3 a5 1-0

[Event "Tyneside International 3rd"]
[Site "Newcastle"]
[Date "1995.12.20"]
[Round "7.4"]
[White "Crouch, Colin S"]
[Black "Whiteley, Andrew Jonathan"]
[Result "1-0"]
[WhiteElo "2410"]
[BlackElo "2375"]
[PlyCount "71"]
[EventDate "1995.12.16"]
[EventType "tourn"]
[EventRounds "9"]
[EventCountry "ENG"]

1. e4 e6 2. d4 d5 3. e5 c5 4. dxc5 Nc6 5. Nf3 Qc7 6. Bf4 Bxc5 7. Nc3 Qb6 8. Qd2
Bxf2+ 9. Qxf2 Qxb2 10. Nb5 Qxa1+ 11. Kd2 Kf8 12. Qc5+ Nge7 13. Bg5 Bd7 14. Nfd4
Re8 15. Nxc6 bxc6 16. Nd4 h6 17. Be3 Qxa2 18. Bd3 Rb8 19. Qd6 Qa5+ 20. Ke2 Qd8
21. Ra1 a5 22. Rxa5 Ke8 23. Ra7 Ra8 24. Rb7 Nc8 25. Qc5 Qe7 26. Nb3 f5 27. Qc3
Kf7 28. Bc5 Qd8 29. Bxf5 Re8 30. Bh7 g6 31. Qg3 g5 32. Qd3 Rg8 33. Bxg8+ Kxg8
34. Qg6+ Kh8 35. Qf7 Qe8 36. Rxd7 1-0

[Event "Tyneside International 3rd"]
[Site "Newcastle"]
[Date "1995.12.20"]
[Round "7.5"]
[White "Mitchell, Martin"]
[Black "Rayner, Francis"]
[Result "1/2-1/2"]
[WhiteElo "2090"]
[BlackElo "2165"]
[PlyCount "44"]
[EventDate "1995.12.16"]
[EventType "tourn"]
[EventRounds "9"]
[EventCountry "ENG"]

1. e4 e5 2. Nf3 Nc6 3. d4 exd4 4. Nxd4 Nf6 5. Nc3 Bb4 6. Nxc6 bxc6 7. Bd3 d5 8.
exd5 cxd5 9. O-O O-O 10. Bg5 c6 11. Qf3 Be7 12. h3 h6 13. Bh4 Rb8 14. b3 Be6
15. Ne2 Rb4 16. Nf4 Ne4 17. Nxe6 fxe6 18. Bxe7 Qxe7 19. Qe2 Nc5 20. Rae1 Rbf4
21. Qe3 R8f6 22. Qe5 Nxd3 1/2-1/2

[Event "Tyneside International 3rd"]
[Site "Newcastle"]
[Date "1995.12.21"]
[Round "8.1"]
[White "Dunworth, Christopher"]
[Black "Rayner, Francis"]
[Result "1-0"]
[WhiteElo "2345"]
[BlackElo "2165"]
[PlyCount "21"]
[EventDate "1995.12.16"]
[EventType "tourn"]
[EventRounds "9"]
[EventCountry "ENG"]

1. d4 Nf6 2. Bg5 Ne4 3. h4 c5 4. dxc5 h6 5. Bf4 e6 6. Nd2 Nxf2 7. Kxf2 Qf6 8.
e3 e5 9. Ne4 Qc6 10. Nd6+ Bxd6 11. Qxd6 1-0

[Event "Tyneside International 3rd"]
[Site "Newcastle"]
[Date "1995.12.21"]
[Round "8.2"]
[White "Whiteley, Andrew Jonathan"]
[Black "Mitchell, Martin"]
[Result "1-0"]
[WhiteElo "2375"]
[BlackElo "2090"]
[PlyCount "47"]
[EventDate "1995.12.16"]
[EventType "tourn"]
[EventRounds "9"]
[EventCountry "ENG"]

1. d4 f5 2. Nf3 Nf6 3. g3 g6 4. Bg2 Bg7 5. O-O O-O 6. c4 d6 7. d5 c6 8. Nc3
cxd5 9. cxd5 Na6 10. Nd4 Qb6 11. Nb3 Nc5 12. Nxc5 dxc5 13. Qc2 Bd7 14. Be3 Rac8
15. Rac1 Qa6 16. a4 e5 17. dxe6 Bxe6 18. Rfd1 Ng4 19. Bf4 Ne5 20. Nb5 Rfd8 21.
Rxd8+ Rxd8 22. Qxc5 Ng4 23. Nc7 Qxe2 24. Bf1 1-0

[Event "Tyneside International 3rd"]
[Site "Newcastle"]
[Date "1995.12.21"]
[Round "8.4"]
[White "Ansell, Simon"]
[Black "Burnett, Andrew"]
[Result "1-0"]
[WhiteElo "2300"]
[BlackElo "2205"]
[PlyCount "85"]
[EventDate "1995.12.16"]
[EventType "tourn"]
[EventRounds "9"]
[EventCountry "ENG"]

1. e4 c5 2. Nf3 d6 3. Bb5+ Bd7 4. Bxd7+ Qxd7 5. c4 Nc6 6. d4 cxd4 7. Nxd4 g6 8.
Nc3 Bg7 9. Nde2 Nf6 10. O-O O-O 11. f3 Na5 12. b3 a6 13. a4 Rfc8 14. Be3 Qc7
15. Rb1 Rab8 16. Qd2 Nc6 17. Rfd1 Qa5 18. Qe1 Qb4 19. Nd4 Nd7 20. Kf1 Kf8 21.
Nd5 Qxe1+ 22. Kxe1 Bxd4 23. Bxd4 Nxd4 24. Rxd4 Nc5 25. Nb6 Rd8 26. b4 Ne6 27.
Rd2 Ke8 28. a5 Nc7 29. Rc1 Na8 30. Nd5 Rbc8 31. Rdc2 e6 32. Ne3 Nc7 33. b5 axb5
34. cxb5 Kd7 35. Nc4 Na8 36. e5 d5 37. Nd6 Rxc2 38. Rxc2 Nc7 39. Nxb7 Ra8 40.
b6 Nb5 41. a6 Ke7 42. a7 Nxa7 43. Ra2 1-0

[Event "Tyneside International 3rd"]
[Site "Newcastle"]
[Date "1995.12.21"]
[Round "8.5"]
[White "McDonald, Neil"]
[Black "Wall, Timothy P"]
[Result "1-0"]
[WhiteElo "2425"]
[BlackElo "2250"]
[PlyCount "73"]
[EventDate "1995.12.16"]
[EventType "tourn"]
[EventRounds "9"]
[EventCountry "ENG"]

1. e4 c6 2. d4 d5 3. Nd2 dxe4 4. Nxe4 Bf5 5. Ng3 Bg6 6. h4 h6 7. f4 e6 8. Nf3
Nf6 9. h5 Bh7 10. Bd3 Bxd3 11. Qxd3 Nbd7 12. Bd2 Qc7 13. O-O-O Bd6 14. Ne5 O-O
15. Ne4 Nxe4 16. Qxe4 f5 17. Qe3 Nf6 18. Qb3 Rfe8 19. Bb4 Bxe5 20. dxe5 Ne4 21.
Be1 c5 22. Qb5 Re7 23. Bh4 a6 24. Qd3 Rf7 25. c4 Qc6 26. Rhe1 b5 27. g4 Re8 28.
gxf5 exf5 29. Qd5 Qb6 30. Rg1 bxc4 31. Rg6 Qb4 32. e6 Rfe7 33. Bxe7 c3 34. Qb3
Rxe7 35. Qxb4 cxb4 36. Rd8+ Kh7 37. Rd7 1-0

[Event "Tyneside International 3rd"]
[Site "Newcastle"]
[Date "1995.12.22"]
[Round "9.1"]
[White "Wall, Timothy P"]
[Black "Dunworth, Christopher"]
[Result "1/2-1/2"]
[WhiteElo "2250"]
[BlackElo "2345"]
[PlyCount "38"]
[EventDate "1995.12.16"]
[EventType "tourn"]
[EventRounds "9"]
[EventCountry "ENG"]

1. e4 c5 2. Nf3 d6 3. d4 Nf6 4. Nc3 cxd4 5. Nxd4 a6 6. Bg5 e6 7. f4 Be7 8. Qf3
Qc7 9. O-O-O Nbd7 10. g4 b5 11. Bxf6 Nxf6 12. g5 Nd7 13. f5 Bxg5+ 14. Kb1 Ne5
15. Qh5 Qe7 16. Nxe6 Bxe6 17. fxe6 g6 18. exf7+ Kxf7 19. Qe2 Kg7 1/2-1/2

[Event "Tyneside International 3rd"]
[Site "Newcastle"]
[Date "1995.12.22"]
[Round "9.2"]
[White "Burnett, Andrew"]
[Black "McDonald, Neil"]
[Result "1/2-1/2"]
[WhiteElo "2205"]
[BlackElo "2425"]
[PlyCount "115"]
[EventDate "1995.12.16"]
[EventType "tourn"]
[EventRounds "9"]
[EventCountry "ENG"]

1. e4 c5 2. Nf3 Nc6 3. d4 cxd4 4. Nxd4 e5 5. Nb5 d6 6. c4 Be7 7. N1c3 a6 8. Na3
Be6 9. Nc2 Rc8 10. Bd2 Nf6 11. Bd3 Nd7 12. b4 Bg5 13. Nd5 O-O 14. O-O Bxd2 15.
Qxd2 Ne7 16. Rac1 Nb6 17. Nce3 Nc6 18. Nf5 Bxf5 19. exf5 Nxd5 20. cxd5 Nd4 21.
Rxc8 Qxc8 22. f6 Qg4 23. f3 Qh4 24. fxg7 Re8 25. Qe3 f5 26. f4 Qh6 27. Qf2 Qxf4
28. Qxf4 exf4 29. Rxf4 Ne2+ 30. Bxe2 Rxe2 31. Rxf5 Rxa2 32. Rf8+ Kxg7 33. Rd8
Rb2 34. Rd7+ Kg8 35. Rxb7 a5 36. b5 a4 37. b6 a3 38. Ra7 a2 39. b7 Rxb7 40.
Rxa2 Rb5 41. Rd2 Kg7 42. Kf2 Kf6 43. Kf3 Ke5 44. Re2+ Kxd5 45. Re7 h5 46. Rh7
Kd4 47. g4 hxg4+ 48. Kxg4 d5 49. h4 Ke5 50. h5 Kf6 51. Rh6+ Kg7 52. Ra6 Rb1 53.
Rd6 Rg1+ 54. Kf5 Rh1 55. h6+ Rxh6 56. Rxh6 Kxh6 57. Ke5 d4 58. Kxd4 1/2-1/2

[Event "Tyneside International 3rd"]
[Site "Newcastle"]
[Date "1995.12.22"]
[Round "9.3"]
[White "Crouch, Colin S"]
[Black "Ansell, Simon"]
[Result "0-1"]
[WhiteElo "2410"]
[BlackElo "2300"]
[PlyCount "90"]
[EventDate "1995.12.16"]
[EventType "tourn"]
[EventRounds "9"]
[EventCountry "ENG"]

1. d4 Nf6 2. Nf3 g6 3. Bf4 Bg7 4. Nc3 d5 5. e3 O-O 6. Be2 c6 7. Qd2 Bg4 8. h3
Bxf3 9. Bxf3 Nbd7 10. O-O Re8 11. Rad1 Qb6 12. Na4 Qa6 13. b3 b6 14. Be2 Qb7
15. c4 e5 16. dxe5 Nxe5 17. Nc3 Ne4 18. Nxe4 dxe4 19. Bxe5 Bxe5 20. Qd7 Re7 21.
Qxb7 Rxb7 22. f3 exf3 23. gxf3 Re8 24. f4 Bf6 25. Bf3 Rxe3 26. Rd6 Kg7 27. Bxc6
Rbe7 28. Bg2 Re2 29. Rf2 Re1+ 30. Rf1 Bh4 31. Rd3 R7e2 32. Rxe1 Rxe1+ 33. Bf1
Re4 34. Rf3 f5 35. Rd3 Rxf4 36. Rd7+ Kh6 37. Rxa7 Bf2+ 38. Kh2 Bc5 39. Bg2 Rf2
40. Kh1 Rb2 41. Bd5 Kg5 42. Rxh7 Kf4 43. Rg7 g5 44. Rg6 Be3 45. Re6 Re2 0-1

[Event "Tyneside International 3rd"]
[Site "Newcastle"]
[Date "1995.12.22"]
[Round "9.5"]
[White "Rayner, Francis"]
[Black "Whiteley, Andrew Jonathan"]
[Result "1/2-1/2"]
[WhiteElo "2165"]
[BlackElo "2375"]
[PlyCount "52"]
[EventDate "1995.12.16"]
[EventType "tourn"]
[EventRounds "9"]
[EventCountry "ENG"]

1. e4 c5 2. Nf3 d6 3. c3 Nf6 4. d3 g6 5. g3 Bg7 6. Bg2 O-O 7. Nbd2 Nc6 8. O-O
e5 9. a3 Re8 10. b4 cxb4 11. axb4 b5 12. Nb3 a6 13. Bb2 Bb7 14. Re1 Rc8 15. Qd2
Qb6 16. h3 h6 17. Nh4 Rcd8 18. Qe3 Nd7 19. Bc1 Kh7 20. Bd2 Qc7 21. Rec1 Nb6 22.
c4 bxc4 23. dxc4 Nd4 24. c5 Nd7 25. c6 Nxc6 26. b5 axb5 1/2-1/2